It's Raining Men - Lyric Quiz - Statistics

General Stats
  • This quiz has been taken 50 times
  • The average score is 180 of 306
Answer Stats
Answer % Correct
I
95%
It's
93%
it's
93%
(It's
93%
a
91%
raining
91%
men
89%
men!
89%
The
89%
the
89%
mean
86%
mean)
86%
Hallelujah!
77%
Hallelujah!)
77%
for
75%
For
75%
go
75%
to
75%
So
73%
get
70%
in
70%
and
68%
time
68%
is
66%
first
64%
gonna
61%
history
59%
out
59%
wet!
59%
do
57%
Every
57%
every
57%
soaking
57%
I'm
55%
all
52%
rising
52%
start
52%
Absolutely
50%
low
50%
Tall,
50%
(Tall,
50%
woman
50%
Amen!
48%
myself
48%
place
48%
sky
48%
street's
48%
'Cause
45%
dark
45%
getting
45%
Just
45%
She
45%
she
45%
ten
45%
too
45%
half
43%
angel
41%
God
41%
let
41%
Mother
41%
Nature,
41%
past
41%
tonight
41%
what
41%
According
39%
bless
39%
Bless
39%
she's
39%
single
39%
sources
39%
you
39%
about
36%
About
36%
did
36%
had
36%
heaven
36%
lean
36%
lean)
36%
perfect
36%
weather
36%
each
34%
find
34%
Humidity
34%
Oh,
34%
rearranged
34%
that
34%
blonde,
32%
guy
32%
strong
32%
Hear
30%
took
30%
barometer's
27%
Barometer's
27%
could
27%
Rough
27%
(Rough
27%
tough
27%
Yeah
27%
don't
25%
her
25%
off
25%
specimen!
25%
your
23%
begin
14%
roof
14%
bought
11%
Rip
11%
stay
11%
stormy
11%
taught
11%
bed
9%
feel
9%
head
9%
lose
9%
moving
9%
run
9%
thunder,
9%
No matching quizzes found
Score Distribution
Percent of People with Each Score
Percentile by Number Answered
Your Score History
You have not taken this quiz